| 000 | 00747nam a22002417i 4500 | ||
|---|---|---|---|
| 001 | 18817 | ||
| 003 | ES-MaACL | ||
| 007 | t| | ||
| 008 | 020318s2000 sp ||||0| spa j | ||
| 020 | _a84-08-03618-1 | ||
| 040 |
_aM-BN _bspa _cM-BN |
||
| 080 | _a929 Vizcaíno Casas, Fernando | ||
| 100 | 1 |
_aVizcaíno Casas, Fernando. _9115612 |
|
| 245 | 1 | 4 |
_aLos pasos contandos _b: Memorias I / _cF. Vizcaíno Casas. |
| 250 | _a1ª ed. | ||
| 260 |
_aBarcelona : _bPlaneta, _c2000. |
||
| 300 |
_a282 p., [12] p. de lám. ; _c24 cm. |
||
| 490 | 1 | _aBiblioteca F. Vizcaíno Casas | |
| 600 | 1 | 4 |
_aVizcaíno Casas, Fernando. _9115612 |
| 830 | 0 |
_aBiblioteca F. Vizcaíno Casas _9228833 |
|
| 852 |
_aES-MaACL _jG-1932 _bR.131466 |
||
| 999 |
_c18817 _d18817 |
||